The noble scholar, jurist, historian


 His Excellency Dr. Abdul Wahhab bin Ibrahim Abu Sulaiman, may Allah have mercy on him.


 He was born in Umm Al-Qura in the year 1356 AH.

تاريخ مولد العلماء ووفياتهم / (Record no. 6032)

MARC details
000 -LEADER
fixed length control field 01882cam a22003251i 4500
003 - CONTROL NUMBER IDENTIFIER
control field SA-RiAUC
005 - DATE AND TIME OF LATEST TRANSACTION
control field 20250217081948.0
008 - FIXED-LENGTH DATA ELEMENTS--GENERAL INFORMATION
fixed length control field 250215s1990 ku g 00000cara c
040 ## - CATALOGING SOURCE
Original cataloging agency SA-RiAUC
Language of cataloging ara
Transcribing agency SA-RiAUC
Description conventions rda
082 04 - DEWEY DECIMAL CLASSIFICATION NUMBER
Classification number 925
Assigning agency SA-RiAUC
090 ## - LOCALLY ASSIGNED LC-TYPE CALL NUMBER (OCLC); LOCAL CALL NUMBER (RLIN)
Classification number (OCLC) (R) ; Classification number, CALL (RLIN) (NR) 925
Local cutter number (OCLC) ; Book number/undivided call number, CALL (RLIN) ر ب ع
100 1# - MAIN ENTRY--PERSONAL NAME
Personal name الربعي، محمد بن عبد الله بن أحمد،
Dates associated with a name توفي 379 هجري
Relator term مؤلف.
245 10 - TITLE STATEMENT
Title تاريخ مولد العلماء ووفياتهم /
Statement of responsibility, etc. تصنيف محمد بن عبد الله زبر الربعي. يليه، ثبت عبد العزيز الكتاني. يليه، زيادات لهبة الله بن الأكفاني ؛ تحقيق محمد المصري.
264 #1 - PRODUCTION, PUBLICATION, DISTRIBUTION, MANUFACTURE, AND COPYRIGHT NOTICE
Place of production, publication, distribution, manufacture الكويت :
Name of producer, publisher, distributor, manufacturer جمعية إحياء التراث الإسلامي، مركز المخطوطات والتراث والوثائق،
Date of production, publication, distribution, manufacture, or copyright notice 1990
300 ## - PHYSICAL DESCRIPTION
Extent 498 صفحة ؛
Dimensions 24 سم.
336 ## - CONTENT TYPE
Content type term نص
Content type code txt
Source rdacontent
Materials specified كتاب
337 ## - MEDIA TYPE
Media type term بدون وسيط
Media type code n
Source rdamedia
338 ## - CARRIER TYPE
Carrier type term مجلد
Carrier type code nc
Source rdacarrier
490 1# - SERIES STATEMENT
Series statement تحقيق التراث ؛
Volume/sequential designation 8
650 #7 - SUBJECT ADDED ENTRY--TOPICAL TERM
Topical term or geographic name entry element العلماء العرب
Form subdivision تراجم
Source of heading or term aucsh
650 #7 - SUBJECT ADDED ENTRY--TOPICAL TERM
Topical term or geographic name entry element العلماء المسلمون
Form subdivision تراجم
Source of heading or term aucsh
700 1# - ADDED ENTRY--PERSONAL NAME
Personal name المصري، محمد
Relator term محقق.
700 12 - ADDED ENTRY--PERSONAL NAME
Personal name الكتاني، عبد العزيز بن أحمد بن محمد،
Dates associated with a name 389-466 هجري
Title of a work ثبت عبد العزيز الكتاني.
700 12 - ADDED ENTRY--PERSONAL NAME
Personal name ابن الأكفاني، هبة الله بن أحمد بن محمد،
Dates associated with a name 444-524 هجري
Title of a work زيادات لهبة الله بن الأكفاني.
740 02 - ADDED ENTRY--UNCONTROLLED RELATED/ANALYTICAL TITLE
Uncontrolled related/analytical title ثبت عبد العزيز الكتاني.
740 02 - ADDED ENTRY--UNCONTROLLED RELATED/ANALYTICAL TITLE
Uncontrolled related/analytical title زيادات لهبة الله بن الأكفاني.
830 #0 - SERIES ADDED ENTRY--UNIFORM TITLE
Uniform title تحقيق التراث (مركز المخطوطات والتراث (جمعية إحياء التراث الإسلامي))
Volume/sequential designation 8
942 ## - ADDED ENTRY ELEMENTS (KOHA)
Source of classification or shelving scheme Dewey Decimal Classification
Koha item type Books
Suppress in OPAC No
949 ## - LOCAL PROCESSING INFORMATION (OCLC)
a SA-JeALM
d 250215
u mohamedma123
n 1
Holdings
Withdrawn status Lost status Source of classification or shelving scheme Damaged status Not for loan Home library Current library Date acquired Total checkouts Full call number Barcode Date last seen Price effective from Koha item type
    Dewey Decimal Classification     DR AbdElwahab Library DR AbdElwahab Library 02/17/2025   925 ر ب ع 000009733 02/17/2025 02/17/2025 Books